000 01111nam a2200385 c 4500
001 22341
003 ES-MaCES
005 20141221122759.0
008 090812s2009 sp t 000 | spa d
017 _aM 26752-2009
_bDL
020 _a9788481262490
035 _aCES20090008233m
040 _aES-MaCES
_bspa
_cES-MaCES
100 1 _aToral Lara, Estrella
_925006
245 1 3 _aEl contrato de renta vitalicia
_cEstrella Toral Lara
250 _a1ª ed
260 _aLas Rozas (Madrid)
_bLa Ley
_c2009
300 _aXXII, 587 p.
_c24 cm
490 1 _aTemas, La Ley
504 _aBibliografía: p. 567-587
541 _cCompra
650 4 _acontrato
_929505
650 4 _aseguros
_928121
650 4 _aseguro de vida
_928122
650 4 _arégimen privado de pensión
_930260
650 4 _acódigo civil
_930028
650 4 _aderecho civil
_927156
650 4 _aderecho comparado
_929868
650 4 _aEspaña
_926964
653 1 0 _aDerecho civil
830 0 _aTemas / La Ley
_934262
902 _aLIB Libro
942 _2CES
_cBK
_h6.0.7.
999 _c22341
_d22341